Science Quiz

Random Science or Anatomy Quiz

Digestive System Picture Click Quiz Stats

 Plays Quiz Updated Jul 30, 2018

Challenge
Share
Tweet
Score 0/11 Timer 04:00
5 Plays Today
% Correct
Esophagus
92.2%
Stomach
90.1%
Liver
89.2%
Oral cavity
88.8%
Anus
81.7%
Rectum
80.2%
Large intestine
80%
Small intestine
76.6%
Gall bladder
70.2%
Pancreas
68%
Caecum
66.5%

You're not logged in!

Compare scores with friends on all Sporcle quizzes.
OR
Log In

You Might Also Like...

Show Comments

Extras

Top Quizzes Today


Score Distribution

Your Account Isn't Verified!

In order to create a playlist on Sporcle, you need to verify the email address you used during registration. Go to your Sporcle Settings to finish the process.

Report this User

Report this user for behavior that violates our Community Guidelines.

Details: